Sports Quiz

Random Sports Quiz

Guess the middle name Quiz Stats

 Plays Quiz not verified by Sporcle

Score 0/5 Timer 10:00
0 Plays Today
Question Answer Wrong Answers
Rajon Rondo Pierre
60%
Wayner
10%
Theodore
20%
Edward
10%
Lebron James Raymone
40%
David
30%
Hackeem
30%
Buzz
0%
Dwight Howard David
40%
Alan
30%
James
20%
Karl
10%
Kevin Durant Wayne
40%
Wesley
20%
Emmanuel
10%
Tyrone
30%
Kobe Bryant Bean
20%
Wayne
40%
Lian
10%
James
30%

You're not logged in!

Compare scores with friends on all Sporcle quizzes.
OR
Log In

Sporcle TV

Today on Sporcle TV


Watch our educational content, quiz creation guides, and fun videos on Sporcle TV.

Show Comments

Extras

Created Apr 9, 2017ReportNominate
Tags:middle

Top Quizzes Today


Score Distribution

Your Account Isn't Verified!

In order to create a playlist on Sporcle, you need to verify the email address you used during registration. Go to your Sporcle Settings to finish the process.

Report this User

Report this user for behavior that violates our Community Guidelines.

Details: